书目信息 |
| 题名: |
高速逆流色谱分离技术及应用
|
|
| 作者: | 曹学丽 编著 | |
| 分册: | ||
| 出版信息: | 北京 化学工业出版社 2005 |
|
| 页数: | 449页 | |
| 开本: | 24cm | |
| 丛书名: | ||
| 单 册: | ||
| 中图分类: | O658.1 | |
| 科图分类: | ||
| 主题词: | 逆流色谱法 | |
| 电子资源: | ||
| ISBN: | 7-5025-6518-3 | |
| 000 | 00753nam0 2200241 450 | |
| 001 | 002854314 | |
| 005 | 20080303091615.53 | |
| 010 | @a7-5025-6518-3@dCNY48.00 | |
| 035 | @a002854314 | |
| 100 | @a20050331d2005 em y0chiy0110 ea | |
| 101 | 0 | @achi |
| 102 | @aCN@b110000 | |
| 105 | @aa z 000yy | |
| 106 | @ar | |
| 200 | 1 | @a高速逆流色谱分离技术及应用@Agao su ni liu se pu fen li ji shu ji ying yong@f曹学丽编著 |
| 210 | @a北京@c化学工业出版社@d2005 | |
| 215 | @a449页@c图@d24cm | |
| 330 | @a本书内容包括:逆流色谱基础、高速逆流色谱分离机理、高速逆流色谱工作方法、分析型高速逆流色谱、双向逆流色谱等。 | |
| 606 | 0 | @a逆流色谱法 |
| 690 | @aO658.1@v4 | |
| 701 | 0 | @a曹学丽@Acao xue li@4编著 |
| 801 | 0 | @aCN@bNLC@c20080303 |
| 905 | @dO658.1@e18@f4 | |
| 高速逆流色谱分离技术及应用/曹学丽编著.-北京:化学工业出版社,2005 |
| 449页:图;24cm |
| ISBN 7-5025-6518-3:CNY48.00 |
| 本书内容包括:逆流色谱基础、高速逆流色谱分离机理、高速逆流色谱工作方法、分析型高速逆流色谱、双向逆流色谱等。 |
| ● |
| 相关链接 |
|
|
|
|
正题名:高速逆流色谱分离技术及应用
索取号:O658.1/18
 
预约/预借
| 序号 | 登录号 | 条形码 | 馆藏地/架位号 | 状态 | 备注 |
| 1 | 0614477 | 206144778 | 第二样本阅览室/ [索取号:O658.1/18] | 在馆 | |
| 2 | 0614478 | 206144787 | 第三借阅区/ [索取号:O658.1/18] | 在馆 | |
| 3 | 0614479 | 206144796 | 第三借阅区/ [索取号:O658.1/18] | 在馆 | |
| 4 | 0614480 | 206144803 | 第三借阅区/ [索取号:O658.1/18] | 在馆 |